[Event "URS-ch U20"]
[Site "Vilnius"]
[Date "1984.??.??"]
[Round "14"]
[White "Novikov, Igor A"]
[Black "Yermolinsky, Alex"]
[Result "1/2-1/2"]
[WhiteElo "2420"]
[BlackElo "2420"]

1.d4 Nf6 2.Nf3 g6 3.c4 Bg7 4.Nc3 O-O 5.e4 d6 6.Be2 e5 7.O-O exd4 8.Nxd4 Re8
9.f3 c6 10.Kh1 a6 11.Bg5 h6 12.Bh4 Nbd7 13.Rc1 Ne5 14.Nc2 g5 15.Bf2 Be6 16.b3 b5
17.cxb5 axb5 18.Qd2 d5 19.exd5 Nxd5 20.Nd4 Nxc3 21.Rxc3 Qa5 22.Rc2  1/2-1/2

[Event "Vrnjacka Banja"]
[Site "Vrnjacka Banja"]
[Date "1984.??.??"]
[Round "?"]
[White "Adamski, Jan"]
[Black "Sahovic, Dragutin"]
[Result "1/2-1/2"]
[WhiteElo "2460"]
[BlackElo "2425"]

1.Nf3 Nf6 2.c4 g6 3.Nc3 Bg7 4.e4 d6 5.d4 O-O 6.Be2 e5 7.dxe5 dxe5 8.Qxd8 Rxd8
9.Bg5 Re8 10.Nd5 Nxd5 11.cxd5 c6 12.Bc4 b5 13.Bb3 a5 14.dxc6 Nxc6  1/2-1/2

[Event "OHRA-B"]
[Site "Amsterdam"]
[Date "1985.??.??"]
[Round "2"]
[White "Bischoff, Klaus"]
[Black "Ermenkov, Evgenij"]
[Result "1-0"]
[WhiteElo "2415"]
[BlackElo "2520"]

1.d4 Nf6 2.Nf3 g6 3.c4 Bg7 4.Nc3 O-O 5.e4 d6 6.Be2 e5 7.d5 a5 8.Bg5 h6 9.Bh4 Na6
10.Nd2 Qe8 11.b3 Nh7 12.a3 Bd7 13.f3 h5 14.Rb1 Bh6 15.Bf2 Qe7 16.b4 axb4
17.axb4 b6 18.h4 f5 19.Bd3 Nf6 20.Qc2 Qg7 21.Rb2 Kh8 22.Qb1 Bf4 23.Ke2 Rf7
24.Ra2 c5 25.dxc6 Bxc6 26.b5 Bxd2 27.Kxd2 fxe4 28.Be2 exf3 29.gxf3 Ng4 30.fxg4 Rxf2
31.bxc6 Qh6+ 32.g5 Qf8 33.Qxb6 Rb8 34.Qe3 Nc5 35.c7 Rc8 36.Nd5  1-0

[Event "OHRA-B"]
[Site "Amsterdam"]
[Date "1985.??.??"]
[Round "2"]
[White "Enklaar, Bertus F"]
[Black "Bosboom, Manuel"]
[Result "1/2-1/2"]
[WhiteElo "2395"]
[BlackElo "2340"]

1.d4 Nf6 2.c4 d6 3.Nc3 Nbd7 4.e4 e5 5.Nf3 g6 6.Be2 Bg7 7.O-O O-O 8.Re1 c6
9.Bf1 exd4 10.Nxd4 Ng4 11.Qxg4 Bxd4 12.Qd1 Qf6 13.Be3 Bxe3 14.Rxe3 Ne5 15.h3 Be6
16.b3 Rad8 17.Rc1 h5 18.Rc2 h4 19.Rd2 Bc8 20.Qe2 Rfe8 21.f3 a6 22.Qf2 Nd7
23.Ne2 Nf8 24.Red3 Qe7 25.Nd4 Nh7 26.b4 Ng5 27.Kh1 Be6 28.Re3 c5 29.Nc2 Nh7
30.Re1 Rc8 31.bxc5 dxc5 32.Ne3 Rcd8 33.Rxd8 Rxd8 34.Nd5 Bxd5 35.exd5 Qd6
36.Qxh4 Nf6 37.Qg5 Kg7 38.Bd3 Nh7 39.Qe7 Qxe7 40.Rxe7 b5 41.Rc7 Nf6 42.Kg1 bxc4
43.Bxc4 Nxd5 44.Rxc5 Ne3 45.Rc7 Rd1+ 46.Kh2 Rd2 47.Rxf7+ Kh6 48.Bb3 Rxg2+
49.Kh1 Rf2 50.h4 g5 51.hxg5+  1/2-1/2

[Event "ITA-ch44"]
[Site "Arcidosso"]
[Date "1985.??.??"]
[Round "1"]
[White "Zichichi, Alvise"]
[Black "Cocozza, Mario"]
[Result "1/2-1/2"]
[WhiteElo "2360"]
[BlackElo "2295"]

1.d4 Nf6 2.c4 g6 3.Nc3 Bg7 4.e4 d6 5.Nf3 O-O 6.Be2 e5 7.Be3 Nc6 8.d5 Ne7
9.Nd2 Ne8 10.c5 f5 11.f3 Kh8 12.Nc4 fxe4 13.fxe4 Ng8 14.Qd2 Bh6 15.Bxh6 Qh4+
16.g3 Qxh6 17.Qxh6 Nxh6 18.cxd6 cxd6 19.Nb5 Rf6 20.Rf1 Rxf1+ 21.Bxf1 Nf7
22.Bd3 Bd7 23.a4 Kg7 24.Kd2 Kf8  1/2-1/2

[Event "AUT-ch"]
[Site "?"]
[Date "1985.??.??"]
[Round "1"]
[White "Titz, Heimo"]
[Black "Opl, Klaus"]
[Result "1-0"]
[WhiteElo "2325"]
[BlackElo "2345"]

1.Nf3 Nf6 2.c4 g6 3.Nc3 Bg7 4.e4 d6 5.d4 O-O 6.Be2 e5 7.d5 a5 8.Bg5 h6 9.Bh4 Na6
10.Nd2 Qe8 11.O-O Bd7 12.b3 Nh7 13.Rb1 h5 14.f3 Bh6 15.Bf2 Qe7 16.Qc2 h4
17.Rfd1 f5 18.a3 Qg5 19.Kh1 Nf6 20.b4 axb4 21.axb4 Nh5 22.c5 Ng3+ 23.Bxg3 hxg3
24.c6 bxc6 25.dxc6 Be6 26.Bc4 Bxc4 27.Nxc4 Qh4 28.h3 Kg7 29.b5 Nc5 30.b6 cxb6
31.Nxb6 fxe4 32.Nxe4 Rxf3 33.Nxc5 dxc5 34.Nxa8 Be3 35.c7 Rf2 36.Qxf2 gxf2
37.c8=Q Qg3 38.Nc7  1-0

[Event "AUT-ch"]
[Site "?"]
[Date "1985.??.??"]
[Round "14"]
[White "Titz, Heimo"]
[Black "Herndl, Harald"]
[Result "1/2-1/2"]
[WhiteElo "2325"]
[BlackElo "2325"]

1.c4 Nf6 2.Nc3 g6 3.e4 d6 4.d4 Bg7 5.Be2 O-O 6.Nf3 e5 7.d5 a5 8.Bg5 h6 9.Bh4 Na6
10.Nd2 Qe8 11.O-O Bd7 12.b3 Nh7 13.a3 h5 14.f3 Bh6 15.Bf2 f5 16.Rb1 Nc5 17.Qc2 Qe7
18.b4 axb4 19.axb4 Na4 20.Nb5 c6 21.dxc6 bxc6 22.Nc7 Rac8 23.Na6 c5 24.bxc5 Nxc5
25.Nxc5 dxc5 26.Rb7 Rb8 27.Rfb1 Rxb7 28.Rxb7 Nf6 29.Nb3 Rc8 30.exf5 gxf5
31.Qxf5 Bxf5 32.Rxe7 Nd7 33.Nxc5 Nxc5 34.Rxe5 Bd3 35.Rxh5 Bxe2 36.Bxc5 Bg7
37.Be3 Rxc4 38.Rc5 Ra4 39.Rc2 Bd3 40.Rd2 Bf5 41.g4 Bxg4 42.fxg4 Rxg4+ 43.Kf2 Be5
44.h3 Rh4 45.Rd5 Bf6 46.Kg2 Kg7 47.Kg3 Kg6 48.Rd6 Re4 49.Bf4 Kf5 50.Rd5+ Be5
51.Bxe5  1/2-1/2

[Event "Balatonbereny op"]
[Site "Balatonbereny"]
[Date "1985.??.??"]
[Round "2"]
[White "Gross, Stefan"]
[Black "Rivello, Roberto"]
[Result "1-0"]
[WhiteElo "2415"]
[BlackElo "2345"]

1.Nf3 Nf6 2.c4 g6 3.Nc3 Bg7 4.e4 d6 5.d4 O-O 6.Be2 e5 7.Be3 Nc6 8.d5 Ne7
9.Nd2 Nd7 10.b4 f5 11.f3 Nf6 12.c5 fxe4 13.fxe4 a5 14.cxd6 cxd6 15.Rb1 axb4
16.Rxb4 Nd7 17.Nc4 Nc5 18.Rb6 Ra6 19.Bxc5 dxc5 20.Rxa6 bxa6 21.d6  1-0

[Event "Balatonbereny op"]
[Site "Balatonbereny"]
[Date "1985.??.??"]
[Round "10"]
[White "Gross, Stefan"]
[Black "Sinkovics, Peter"]
[Result "1/2-1/2"]
[WhiteElo "2415"]
[BlackElo "2420"]

1.c4 g6 2.d4 Nf6 3.Nc3 Bg7 4.e4 d6 5.Nf3 O-O 6.Be2 e5 7.Be3 Ng4 8.Bg5 f6
9.Bh4 Nc6 10.d5 Ne7 11.Nd2 h5 12.h3 Nh6 13.b4 g5 14.Bg3 h4 15.Bh2 Ng6 16.Bg1 Nf4
17.Bf1 f5 18.g3 Ng6 19.Bd3 a5 20.bxa5 g4 21.exf5 e4 22.Ndxe4 Bxf5 23.hxg4 Bxg4
24.Be2 Qe7 25.Kd2 Ne5 26.Bxg4 Nhxg4 27.f4 Nxc4+ 28.Kc1 Nf6 29.Ng5 Rxa5 30.Bd4 Nxd5
31.Re1 Nde3 32.Qd3 Bxd4 33.Qxd4 d5 34.a4 Qf6 35.Qd3 Qf5 36.Rxe3 Nxe3 37.Qxe3 hxg3
38.Ne6 Rf6 39.Qxg3+ Rg6 40.Ng5 Rc5 41.Kd2 Rc4 42.Ne2 Qc2+ 43.Ke1 Re4 44.Qg4 Re7
45.Rd1 Rh6 46.Ne6+ Rg6 47.Ng5 c6 48.a5 Rh6 49.Ne4+ Kh8 50.Qc8+ Kg7 51.Qg4+ Rg6
52.Ng5 Rh6 53.Ne4+ Kh8 54.Qc8+ Kg7 55.Qg4+ Kh8  1/2-1/2

[Event "Ballerup"]
[Site "Ballerup"]
[Date "1985.??.??"]
[Round "2"]
[White "Brinck Claussen, Bjorn"]
[Black "Danielsen, Henrik"]
[Result "1/2-1/2"]
[WhiteElo "2380"]
[BlackElo "2200"]

1.d4 Nf6 2.c4 d6 3.Nc3 Nbd7 4.Nf3 e5 5.e4 g6 6.Be2 Bg7 7.O-O O-O 8.Qc2 c6
9.Rd1 Qe7 10.Rb1 Re8 11.d5 c5 12.Ne1 Nh5 13.g3 Nf8 14.b4 b6 15.bxc5 bxc5
16.Qa4 f5 17.f3 Nf6 18.Nd3 h5 19.Nf2 h4 20.g4 N6h7 21.Qc6 Bd7 22.Qa6 Bc8
23.Qc6 Bd7 24.Qa6 Bc8 25.Qc6  1/2-1/2

[Event "Ballerup"]
[Site "Ballerup"]
[Date "1985.??.??"]
[Round "3"]
[White "Danielsen, Henrik"]
[Black "Forgacs, Gyula"]
[Result "1/2-1/2"]
[WhiteElo "2200"]
[BlackElo "2395"]

1.d4 Nf6 2.Nf3 d6 3.c4 g6 4.Nc3 Bg7 5.e4 O-O 6.Be2 e5 7.dxe5 dxe5 8.Qxd8 Rxd8
9.Bg5 Re8 10.Nd5 Nxd5 11.cxd5 c6 12.Bc4 b5 13.Bb3 a5 14.a3 Bb7 15.Rc1 Rc8
16.Be7 h6 17.O-O Nd7 18.dxc6 Bxc6 19.Rfd1 a4 20.Rxc6 Rxc6 21.Bd5 Nb8 22.Kf1 Ra7
23.Bxc6 Nxc6 24.Bc5 Rc7 25.Rd5 Rb7 26.Ke2 f6 27.Ne1 Na5 28.Nd3 Nc4 29.g3 f5
30.f3 Bf6 31.Bb4 Kf7 32.Bc3 fxe4 33.fxe4 h5 34.h4 Bg7 35.Rc5 Bf8 36.Nxe5+ Nxe5
37.Rxe5 b4 38.axb4 Bxb4 39.Kd3 Bxc3 40.bxc3 Ra7 41.Rb5 a3 42.Rb1 Ke6 43.c4 a2
44.Ra1 Ke5 45.c5 Ra3+ 46.Kc4 Kxe4 47.c6 Ra7 48.Kc5 Kf3 49.Kd6 Ra3 50.c7 Rd3+
51.Ke5 Rc3 52.Kd6 Rd3+ 53.Ke5  1/2-1/2

[Event "Ballerup"]
[Site "Ballerup"]
[Date "1985.??.??"]
[Round "4"]
[White "Brinck Claussen, Bjorn"]
[Black "Halasz, Tamas"]
[Result "1-0"]
[WhiteElo "2380"]
[BlackElo "2350"]

1.d4 Nf6 2.c4 g6 3.Nc3 Bg7 4.e4 d6 5.Be2 O-O 6.Nf3 e5 7.Be3 h6 8.h3 exd4
9.Nxd4 Re8 10.Qc2 Qe7 11.Bf3 c6 12.O-O Na6 13.Rfe1 Nc5 14.Rad1 Ne6 15.Qd2 Nxd4
16.Bxd4 Rd8 17.b3 Qf8 18.Na4 Be6 19.Qe3 c5 20.Ba1 Nd7 21.Bxg7 Kxg7 22.e5 Nxe5
23.Bxb7 Rab8 24.Nxc5 dxc5 25.Qxe5+ Kg8 26.Be4 Rxd1 27.Rxd1 Re8 28.Bc6 Bd7
29.Qc7 Bxc6 30.Qxc6 Qe7 31.Qf3 Rd8 32.Rxd8+ Qxd8 33.g3 Qa5 34.Qe2 Qb4 35.Kg2 h5
36.h4 Kf8 37.Qb2 Qe1 38.Qa3 Qe4+ 39.Kh2 Qd4 40.Kg1  1-0

[Event "Boeblingen op"]
[Site "Boeblingen"]
[Date "1985.??.??"]
[Round "?"]
[White "Bischoff, Dieter"]
[Black "Gries, Volker"]
[Result "1/2-1/2"]
[WhiteElo "2200"]
[BlackElo "2200"]

1.Nf3 Nf6 2.c4 g6 3.Nc3 Bg7 4.e4 d6 5.d4 O-O 6.Be2 e5 7.d5 a5 8.Bg5 Na6 9.Nd2 h6
10.Be3 Nc5 11.O-O Ne8 12.a3 f5 13.f3 b6 14.b4 Nb7 15.Nb3 Qe7 16.c5 axb4 17.axb4 Rxa1
18.Qxa1 bxc5 19.bxc5 dxc5 20.Nxc5 Nbd6 21.Rc1 Kh7 22.Ba6 Nf6 23.Bxc8 Rxc8
24.Qa6 fxe4 25.N5xe4 Ndxe4 26.Nxe4 Rd8 27.Nxf6+ Bxf6 28.Rc6 Rd6 29.Bc5 Rxc6
30.Qxc6 Qf7 31.Ba7 h5 32.Be3 Bg7 33.Qc4 Bf8 34.Kf1 Bd6 35.Ke2 Qf5 36.Qe4 Qf7
37.g4 hxg4 38.fxg4 Qf6 39.Bf2 Qf4 40.Qxf4 exf4 41.g5 f3+ 42.Kxf3 Bxh2 43.Bg3 Bxg3
44.Kxg3 Kg7 45.Kf4 Kf7 46.Ke4 Ke8 47.Kd4 Kd8 48.Kc4 Ke7 49.Kc5 Kd7  1/2-1/2

[Event "Borgarnes"]
[Site "Borgarnes"]
[Date "1985.??.??"]
[Round "2"]
[White "Petursson, Margeir"]
[Black "Angantysson, Haukur"]
[Result "1-0"]
[WhiteElo "2535"]
[BlackElo "2340"]

1.d4 d6 2.c4 e5 3.Nc3 Nd7 4.Nf3 g6 5.e4 Bg7 6.Be2 Ngf6 7.O-O O-O 8.Re1 c6
9.Bf1 a6 10.Rb1 b5 11.b4 exd4 12.Nxd4 Bb7 13.Bg5 Qc7 14.Rc1 bxc4 15.Bxc4 Qb6
16.Na4 Qc7 17.Bd5 c5 18.Nb3 Bxd5 19.exd5 c4 20.Na5 Ne5 21.Rxe5 dxe5 22.d6 Qb8
23.a3 h6 24.Be3 Qb5 25.Nc5 Rfd8 26.Rxc4 Bf8 27.a4 Qe8 28.Nab7 Rdb8 29.d7 Qe7
30.Na5 Rd8 31.Nc6 Qd6 32.Qxd6 Bxd6 33.Nxd8 Rxd8 34.Ne4 Nxe4 35.Rc8 Bc7 36.Rxc7 Kf8
37.Bc5+ Nxc5 38.bxc5 Ke7 39.c6 Rb8  1-0

[Event "Borgarnes"]
[Site "Borgarnes"]
[Date "1985.??.??"]
[Round "7"]
[White "Hansen, Curt"]
[Black "Bjarnason, Saevar"]
[Result "1/2-1/2"]
[WhiteElo "2505"]
[BlackElo "2355"]

1.d4 Nf6 2.c4 d6 3.Nc3 Nbd7 4.Nf3 e5 5.e4 g6 6.Be2 Bg7 7.O-O O-O 8.Be3 Ng4
9.Bg5 f6 10.Bc1 Nh6 11.Rb1 Nf7 12.b4 c6 13.d5 c5 14.a3 b6 15.Ne1 f5 16.Nd3 Nf6
17.exf5 Bxf5 18.Be3 g5 19.f3 h6 20.Qd2 Qe7 21.Rbe1 e4 22.fxe4 Nxe4 23.Nxe4 Qxe4
24.Nf2 Qc2 25.Qxc2 Bxc2 26.Bd3 Bxd3 27.Nxd3 Rae8 28.Bf2 Ne5 29.Nxe5 Bxe5
30.bxc5 bxc5 31.Bg3 Bxg3 32.Rxf8+ Kxf8 33.Rxe8+ Kxe8 34.hxg3 h5 35.Kf2 Kf7
36.Kf3 Kf6 37.Ke4 Kg6 38.g4 h4 39.Kd3 Kf6 40.Ke4 a6 41.a4 a5 42.Kd3 Ke5 43.Ke3  1/2-1/2

[Event "Borgarnes"]
[Site "Borgarnes"]
[Date "1985.??.??"]
[Round "10"]
[White "Thorsteins, Karl"]
[Black "Bjarnason, Saevar"]
[Result "1/2-1/2"]
[WhiteElo "2400"]
[BlackElo "2355"]

1.d4 Nf6 2.c4 d6 3.Nc3 Nbd7 4.e4 e5 5.Nf3 g6 6.Be2 Bg7 7.O-O O-O 8.Be3 Qe7
9.Qc2 c6 10.Rad1 Rd8 11.dxe5 dxe5 12.Na4 Ng4 13.Bg5 f6 14.Bd2 Nf8 15.c5 Nh6
16.b4 Bg4 17.Be3 Nf7 18.h3 Bxf3 19.Bxf3 Bh6 20.Bxh6 Nxh6 21.Be2 Nf7 22.Bc4 Ne6
23.Bxe6  1/2-1/2

[Event "Lang mem"]
[Site "Brno"]
[Date "1985.??.??"]
[Round "3"]
[White "Jaster, Robert"]
[Black "Tobyas, Miroslav"]
[Result "1-0"]
[WhiteElo "2205"]
[BlackElo "2210"]

1.d4 Nf6 2.c4 g6 3.Nc3 Bg7 4.e4 d6 5.Nf3 O-O 6.Be2 e5 7.O-O Nbd7 8.d5 h6
9.Bd2 Nc5 10.Qc2 a5 11.Ne1 Kh7 12.b3 Nfd7 13.a3 f5 14.f3 f4 15.Rc1 g5 16.b4 axb4
17.axb4 Na6 18.Nd3 Rf7 19.Ra1 Rb8 20.Nb5 Bf8 21.Be1 Kg8 22.Na7 Rg7 23.Bf2 g4
24.fxg4 Nf6 25.Rxa6 bxa6 26.Nc6 Qe8 27.Nxb8 Bxg4 28.Bxg4 Nxg4 29.Nc6 Qh5
30.h3 f3 31.hxg4 Qxg4 32.Ba7 Qxe4 33.Rf2 Qg4 34.Ncxe5 dxe5 35.Nxe5 Qh5 36.Nxf3 Bxb4
37.Qe4 Re7 38.Qb1 Bd6 39.Bd4 Bg3 40.Rb2 c5  1-0

[Event "Budapest Elekes"]
[Site "Budapest"]
[Date "1985.??.??"]
[Round "?"]
[White "Lengyel, Levente"]
[Black "Uhlmann, Wolfgang"]
[Result "1/2-1/2"]
[WhiteElo "2395"]
[BlackElo "2470"]

1.Nf3 Nf6 2.c4 g6 3.Nc3 d6 4.d4 Bg7 5.e4 O-O 6.Be2 e5 7.dxe5 dxe5 8.Qxd8 Rxd8
9.Bg5 Re8 10.Nd5 Nxd5 11.cxd5 c6 12.Bc4 cxd5 13.Bxd5 Na6 14.Ke2 Nb4 15.Bc4 Bg4
16.Rhc1 Rac8 17.Bb5 Rxc1 18.Rxc1 Rc8 19.Rxc8+ Bxc8 20.a3 a6 21.Ba4 b5 22.Bxb5 axb5
23.axb4 Bg4  1/2-1/2

[Event "ARG-ch"]
[Site "Buenos Aires"]
[Date "1985.??.??"]
[Round "4"]
[White "Bronstein, Luis"]
[Black "Mahia, Gustavo"]
[Result "1-0"]
[WhiteElo "2415"]
[BlackElo "2305"]

1.d4 Nf6 2.c4 g6 3.Nc3 Bg7 4.e4 d6 5.Be2 O-O 6.Nf3 e5 7.Be3 exd4 8.Nxd4 Re8
9.f3 c6 10.Bf2 d5 11.exd5 cxd5 12.c5 Nc6 13.O-O Nh5 14.Qd2 Be5 15.g3 Bh3
16.Rfe1 Qd7 17.Rad1 Rad8 18.Ncb5 Ng7 19.Qh6 Be6 20.Bd3 Bf5 21.Bf1 Bf6 22.Nxc6 bxc6
23.Nd4 Rxe1 24.Rxe1 Re8 25.Rxe8+ Qxe8 26.b4 Bd7 27.Qe3 Qxe3 28.Bxe3 Ne6 29.Nxe6 fxe6
30.a4 d4 31.Bd2 Kf7 32.f4 Ke8 33.Bg2 Kd8 34.Kf2 Kc7 35.Ke2 e5 36.Be4 Bh3
37.fxe5 Bxe5 38.Bf4 Bg4+ 39.Kd3 Bxf4 40.gxf4 Bd1 41.a5 Ba4 42.Kxd4 Kd8 43.Ke5 Ke7
44.h4 Bb5 45.Bc2 Be2 46.Ba4 Bf3 47.b5 cxb5 48.Bxb5 Bb7 49.c6 Bc8 50.a6 Bh3
51.Bc4 Bg4 52.Bg8 Bc8 53.c7 Bxa6 54.Be6 Bb7 55.c8=Q Bxc8 56.Bxc8 a5 57.Be6 a4
58.Bc4 a3 59.Bb3 Kf8 60.Kf6 Ke8 61.Kg7 Ke7 62.Kxh7 Kf6 63.Kh6  1-0

[Event "ARG-ch"]
[Site "Buenos Aires"]
[Date "1985.??.??"]
[Round "10"]
[White "Barbero, Gerardo F"]
[Black "Mahia, Gustavo"]
[Result "1-0"]
[WhiteElo "2455"]
[BlackElo "2305"]

1.d4 Nf6 2.c4 g6 3.Nc3 Bg7 4.e4 O-O 5.Nf3 d6 6.Be2 e5 7.Be3 Qe7 8.dxe5 dxe5
9.Nd5 Nxd5 10.cxd5 Rd8 11.Qb3 c6 12.O-O cxd5 13.exd5 Nd7 14.Rad1 h6 15.d6 Qf8
16.Nh4 Kh7 17.Bc4 Bf6 18.Nf3 Kg7 19.Nd2 Qxd6 20.Ne4 Qe7 21.Bxf7 Nf8 22.Rxd8 Qxd8
23.Bg8 Qe8 24.Nxf6 Kxf6 25.Bxh6 Bf5 26.f4 Nd7 27.Bd5 Rc8 28.Qg3 Ke7 29.fxe5 Qh8
30.Qg5+ Ke8 31.Rxf5  1-0

[Event "ARG-ch"]
[Site "Buenos Aires"]
[Date "1985.??.??"]
[Round "10"]
[White "Schweber, Samuel"]
[Black "Bronstein, Luis"]
[Result "1/2-1/2"]
[WhiteElo "2420"]
[BlackElo "2415"]

1.d4 Nf6 2.c4 g6 3.Nc3 Bg7 4.e4 d6 5.Nf3 O-O 6.Be2 e5 7.Be3 exd4 8.Nxd4 c6
9.O-O Re8 10.Bf3 Nbd7 11.h3 Nc5 12.Qc2 a5 13.Rad1 Nfd7 14.Nb3 Nxb3 15.axb3 Qe7
16.Na4 Nc5 17.Nb6 Ra6 18.Nxc8 Rxc8 19.Ra1 Re8 20.Rfe1 Be5 21.Ra2 Qf6 22.Rea1 Rea8
23.Bd2 Ne6 24.Bg4 Bd4 25.Be1 Nc5 26.Rxa5 Rxa5 27.Rxa5 Rxa5 28.Bxa5 Nxe4 29.Be1 Qe5
30.Qe2 Bxb2 31.Bc8 Nc5 32.Qxe5 Bxe5 33.b4 Nd3 34.Kf1 b6 35.Bb7 c5 36.b5 Bd4
37.Ke2 Ne5 38.Bd5 Kg7 39.f3 Kf6 40.Bh4+ g5 41.Bg3 Ke7 42.Bxe5 Bxe5 43.g4  1/2-1/2

[Event "ARG-ch"]
[Site "Buenos Aires"]
[Date "1985.??.??"]
[Round "12"]
[White "Ricardi, Pablo"]
[Black "Bronstein, Luis"]
[Result "0-1"]
[WhiteElo "2335"]
[BlackElo "2415"]

1.d4 Nf6 2.c4 g6 3.Nc3 Bg7 4.e4 d6 5.Nf3 O-O 6.Be2 e5 7.Be3 exd4 8.Nxd4 c6
9.O-O Re8 10.f3 d5 11.cxd5 Nxd5 12.Nxd5 cxd5 13.Qb3 Nc6 14.Rad1 Nxd4 15.Bxd4 Bxd4+
16.Rxd4 Qf6 17.Qxd5 Be6 18.Qc5 Rec8 19.Qb4 a5 20.Qd2 Rc2 21.Qxc2 Qxd4+ 22.Kh1 Rc8
23.Qb1 Qd2 24.Bd3 Rc5 25.Rd1 Qf4 26.Be2 Qc7 27.Qd3 Bxa2 28.h3 Be6 29.Qd4 Bb3
30.Qd8+ Qxd8 31.Rxd8+ Kg7 32.Rd2 b5 33.Kg1 b4 34.Kf2 a4 35.Bd3 Rc1  0-1

[Event "CAN-ch"]
[Site "?"]
[Date "1985.??.??"]
[Round "4"]
[White "Leveille, Francois"]
[Black "Levtchouk, George"]
[Result "1/2-1/2"]
[WhiteElo "2255"]
[BlackElo "2200"]

1.c4 g6 2.Nc3 Bg7 3.d4 d6 4.e4 Nf6 5.Be2 O-O 6.Nf3 e5 7.dxe5 dxe5 8.Qxd8 Rxd8
9.Bg5 Nbd7 10.O-O-O Rf8 11.Nd2 Nc5 12.Be3 Ne6 13.Nd5 c6 14.Ne7+ Kh8 15.Nxc8 Rfxc8
16.c5 Bf8 17.Bc4 Nxc5 18.Bxf7 Rc7 19.Bc4 Ncxe4 20.Nxe4 Nxe4 21.f4 Bh6 22.Rhe1 Re8
23.fxe5 Bxe3+ 24.Rxe3 Rxe5 25.Rde1 Rce7 26.b4 b5 27.Bb3 Nc5 28.Rxe5 Nd3+
29.Kd2 Nxe5 30.a4 bxa4 31.Ba2 Kg7 32.Kc3 Kf8 33.Rf1+ Ke8 34.Bc4 Nxc4 35.Kxc4 Kd7
36.Ra1 Kc7 37.Rxa4 Kb6 38.Ra2 h5 39.Rd2 Re4+ 40.Kc3 Kb5 41.Ra2 Rc4+ 42.Kd3 Kxb4
43.Rxa7 Rc3+ 44.Kd2 Ra3 45.Rxa3 Kxa3 46.Kc3 h4 47.g4  1/2-1/2

[Event "Copenhagen"]
[Site "Copenhagen"]
[Date "1985.??.??"]
[Round "6"]
[White "Olafsson, Helgi"]
[Black "Kristiansen, Jens"]
[Result "1-0"]
[WhiteElo "2515"]
[BlackElo "2455"]

1.d4 Nf6 2.Nf3 d6 3.c4 g6 4.Nc3 Bg7 5.e4 O-O 6.Be2 e5 7.dxe5 dxe5 8.Qxd8 Rxd8
9.Bg5 Nbd7 10.O-O-O Rf8 11.Ne1 Nc5 12.f3 c6 13.Nc2 a5 14.Be3 Nfd7 15.b3 Re8
16.Rd2 Bf8 17.Rhd1 f6 18.Kb2 Nb6 19.Bf1 Be6 20.Bf2 Rab8 21.a3 Rec8 22.Be3 Ra8
23.Be2 Kf7 24.g3 Ke8 25.Rd6 Bxd6 26.Rxd6 Nbd7 27.b4 axb4 28.axb4 Ke7 29.bxc5 Ra5
30.Rd1 Nxc5 31.Ra1  1-0

[Event "Copenhagen"]
[Site "Copenhagen"]
[Date "1985.??.??"]
[Round "8"]
[White "Karlsson, Lars"]
[Black "Kristiansen, Jens"]
[Result "1/2-1/2"]
[WhiteElo "2550"]
[BlackElo "2455"]

1.c4 Nf6 2.Nc3 g6 3.e4 d6 4.d4 Bg7 5.Nf3 O-O 6.Be2 e5 7.dxe5 dxe5 8.Qxd8 Rxd8
9.Bg5 Nbd7 10.O-O-O Rf8 11.Ne1 Nc5 12.f3 c6 13.Nc2 a5 14.Be3 Nfd7 15.b3 Re8
16.Rd2 Bf8 17.Rhd1 f6 18.Kb2 Nb6 19.Bf1 Be6 20.Be2  1/2-1/2

[Event "Copenhagen"]
[Site "Copenhagen"]
[Date "1985.??.??"]
[Round "10"]
[White "Olafsson, Helgi"]
[Black "Hjartarson, Johann"]
[Result "1-0"]
[WhiteElo "2515"]
[BlackElo "2530"]

1.d4 Nf6 2.Nf3 g6 3.c4 Bg7 4.Nc3 O-O 5.e4 d6 6.Be2 Nbd7 7.O-O e5 8.Be3 c6
9.Qc2 Qe7 10.Rfe1 exd4 11.Bxd4 Ne5 12.Rad1 Nfd7 13.Qd2 Nc5 14.h3 Ne6 15.Be3 Rd8
16.Nd4 Nxd4 17.Bxd4 Be6 18.b3 g5 19.Bh5 Ng6 20.Bxg7 Kxg7 21.Bxg6 hxg6 22.Nd5 Bxd5
23.exd5 Qf6 24.Re3 c5 25.Rf3 Qd4 26.Qc1 Qh4 27.Qc3+ Kg8 28.Qf6 Rd7 29.Re1 Rf8
30.g4 Qh8 31.Qxg5 Qd4 32.Kg2 a6 33.Rfe3 Rdd8 34.Re7 b5 35.R1e6 Qd3 36.Re3 Qc2
37.Re2 Qd3 38.R2e3 Qd4 39.R3e4 Qd3 40.Qf6 bxc4 41.bxc4  1-0

[Event "Dresden"]
[Site "Dresden"]
[Date "1985.??.??"]
[Round "1"]
[White "Uhlmann, Wolfgang"]
[Black "Kochyev, Alexander"]
[Result "1/2-1/2"]
[WhiteElo "2515"]
[BlackElo "2465"]

1.c4 Nf6 2.Nc3 d6 3.d4 Nbd7 4.e4 e5 5.Nf3 g6 6.Be2 Bg7 7.O-O O-O 8.Be3 Qe7
9.d5 Ne8 10.b4 f5 11.Bg5 Ndf6 12.exf5 gxf5 13.c5 h6 14.cxd6 Nxd6 15.Bh4 e4  1/2-1/2

[Event "Dresden"]
[Site "Dresden"]
[Date "1985.??.??"]
[Round "2"]
[White "Boensch, Uwe"]
[Black "Vogt, Lothar"]
[Result "1/2-1/2"]
[WhiteElo "2460"]
[BlackElo "2465"]

1.d4 Nf6 2.c4 g6 3.Nc3 Bg7 4.e4 d6 5.Be2 O-O 6.Nf3 e5 7.O-O Nbd7 8.Be3 c6
9.Qd2 Ng4 10.Bg5 f6 11.Bh4 Nh6 12.Rad1 Nf7 13.Bg3 Qe7 14.Rfe1 Re8 15.b4 Nf8
16.d5 Bg4 17.Qc2 Rac8 18.Nd2 Bxe2 19.Rxe2 c5 20.bxc5 Rxc5 21.f3 b6 22.Bf2 Rcc8
23.Nb5 a6 24.Na3 Qc7 25.Rb1 Nd7 26.Qb3 Rb8 27.Nc2 Nc5 28.Qa3 Rec8 29.Nb4 Nd8
30.Be3 f5 31.Ree1 Ra8 32.Rec1 Bf6 33.Qc3 Nf7 34.Nc6 Nd8 35.Bxc5 bxc5 36.Nxd8 Rxd8
37.Rc2 Rdb8 38.Rcb2 Bg5 39.Nf1 fxe4 40.fxe4 Rxb2 41.Qxb2 Rf8 42.Qe2  1/2-1/2

[Event "Dresden"]
[Site "Dresden"]
[Date "1985.??.??"]
[Round "4"]
[White "Boensch, Uwe"]
[Black "Kochyev, Alexander"]
[Result "1/2-1/2"]
[WhiteElo "2460"]
[BlackElo "2465"]

1.d4 Nf6 2.c4 g6 3.Nc3 Bg7 4.e4 d6 5.Be2 O-O 6.Nf3 e5 7.O-O Nbd7 8.Be3 Qe7
9.Qc2 exd4 10.Bxd4 c6 11.Rfe1 Ne5 12.Nxe5 dxe5 13.Be3 Ng4  1/2-1/2

[Event "Dresden"]
[Site "Dresden"]
[Date "1985.??.??"]
[Round "6"]
[White "Gruenberg, Hans Ulrich"]
[Black "Vogt, Lothar"]
[Result "1/2-1/2"]
[WhiteElo "2470"]
[BlackElo "2465"]

1.d4 Nf6 2.c4 g6 3.Nc3 Bg7 4.e4 d6 5.Be2 O-O 6.Nf3 e5 7.O-O Nbd7 8.Be3 Ng4
9.Bg5 f6 10.Bh4 Nh6 11.Qd2 Nf7 12.Rad1 c6 13.Rfe1 a5 14.Bf1 a4 15.h3 Qa5
16.Nb1 Re8 17.Qxa5 Rxa5 18.d5 Nc5 19.Nfd2 cxd5 20.cxd5 b5 21.b4  1/2-1/2

[Event "Dresden"]
[Site "Dresden"]
[Date "1985.??.??"]
[Round "8"]
[White "Gruenberg, Hans Ulrich"]
[Black "Kochyev, Alexander"]
[Result "1/2-1/2"]
[WhiteElo "2470"]
[BlackElo "2465"]

1.d4 Nf6 2.c4 g6 3.Nc3 Bg7 4.e4 d6 5.Be2 O-O 6.Nf3 e5 7.O-O Nbd7 8.Be3 Qe7
9.Qc2 exd4 10.Nxd4 c6 11.Rad1 Re8 12.Bg5 Nc5 13.f3 a5 14.Rfe1 a4 15.b4 axb3
16.axb3 Qc7 17.b4 Na6 18.b5 Nc5 19.Be3 Nfd7 20.Bf2 Ne5 21.Ra1 Rxa1 22.Rxa1 Ne6
23.Nxe6  1/2-1/2

[Event "Dresden"]
[Site "Dresden"]
[Date "1985.??.??"]
[Round "11"]
[White "Schmidt, Wlodzimierz"]
[Black "Knaak, Rainer"]
[Result "1/2-1/2"]
[WhiteElo "2470"]
[BlackElo "2525"]

1.d4 Nf6 2.c4 d6 3.Nc3 Nbd7 4.e4 e5 5.Nf3 g6 6.Be2 Bg7 7.O-O O-O 8.Qc2 c6
9.Rd1 Qe7 10.Rb1 exd4 11.Nxd4 Nc5 12.f3 Nh5 13.g4 Nf6 14.Bf4 Nfd7 15.Bg3 Ne5
16.Qd2 Rd8 17.Kg2 Ne6 18.Nc2 h5 19.gxh5 g5 20.Ne3 Nf4+ 21.Bxf4 gxf4 22.Nf5 Bxf5
23.exf5 Qg5+ 24.Kh1 Qxf5 25.Rg1 Kh8 26.Rg2 Bh6 27.Rbg1 Qe6 28.Ne4 d5 29.cxd5 cxd5
30.Nc5 Qe7 31.Qd4 f6 32.Rg6 Nxg6 33.Rxg6 Bg7 34.h6 Qxe2 35.hxg7+ Kg8 36.Qxf6 Rac8
37.Qh4 Qf1+ 38.Rg1 Qxf3+ 39.Rg2 Qd1+ 40.Rg1 Qf3+ 41.Rg2 Kf7  1/2-1/2

[Event "Dresden"]
[Site "Dresden"]
[Date "1985.??.??"]
[Round "13"]
[White "Kochyev, Alexander"]
[Black "Vogt, Lothar"]
[Result "1/2-1/2"]
[WhiteElo "2465"]
[BlackElo "2465"]

1.Nf3 Nf6 2.c4 g6 3.Nc3 Bg7 4.e4 d6 5.d4 O-O 6.Be2 e5 7.O-O Nbd7 8.Qc2 c6
9.Rd1 Qe7 10.d5 c5 11.Bg5 h6 12.Bh4 g5 13.Bg3 Nh5 14.Nd2 Nf4 15.Nf1 Nf6 16.f3 g4
17.Ne3 gxf3 18.Bxf3 Nh7 19.Rf1 Qg5 20.Kh1 Kh8 21.Be1 Ng6 22.Bd2 Qh4 23.g3 Qd8
24.Bg4 Ne7 25.Bxc8 Rxc8 26.Nf5 Nxf5 27.Rxf5 f6 28.Raf1 a6 29.Nd1 Qe8 30.Ne3 b5
31.b3 Qg6 32.Kg2 Rb8 33.g4 bxc4 34.Qxc4 h5 35.Kh1 hxg4 36.Rg1 Bh6 37.Rxg4 Qf7
38.Qf1 Rg8 39.Rh4 Bg5 40.Rh3 Rg6 41.Rf2  1/2-1/2

[Event "Dresden"]
[Site "Dresden"]
[Date "1985.??.??"]
[Round "13"]
[White "Chekhov, Valery A"]
[Black "Knaak, Rainer"]
[Result "1-0"]
[WhiteElo "2495"]
[BlackElo "2525"]

1.Nf3 Nf6 2.c4 g6 3.Nc3 d6 4.d4 Nbd7 5.e4 e5 6.Be2 Bg7 7.O-O O-O 8.Be3 c6
9.d5 c5 10.Ne1 Ne8 11.Nd3 f5 12.f4 Nb6 13.Qb3 exf4 14.Nxf4 Qe7 15.a4 g5 16.Ne6 Bxe6
17.dxe6 f4 18.a5 fxe3 19.axb6 Rxf1+ 20.Rxf1 a6 21.Rf7 Qxe6 22.Rxb7 Bd4 23.Qd1 Ng7
24.Nd5 Re8 25.Rc7 Kh8 26.b7 g4 27.Re7 Qg8 28.Rxe8 Qxe8 29.Qb3 Qb8 30.Ne7  1-0

[Event "Frunze"]
[Site "Frunze"]
[Date "1985.??.??"]
[Round "15"]
[White "Makarichev, Sergey"]
[Black "Yurtaev, Leonid"]
[Result "1/2-1/2"]
[WhiteElo "2495"]
[BlackElo "2435"]

1.c4 g6 2.d4 Nf6 3.Nf3 Bg7 4.Nc3 d6 5.e4 O-O 6.Be2 e5 7.dxe5 dxe5 8.Qxd8 Rxd8
9.Bg5 Re8 10.Nd5 Nxd5 11.cxd5 c6 12.Bc4 cxd5 13.Bxd5 Nc6  1/2-1/2